Milton Friedman Economics in Theory and Practice

Na minha lista:
Detalhes bibliográficos
Autor principal: Hirsch, Abraham
Outros Autores: Marchi, Neil de
Formato: Livro
Idioma:inglês
Publicado em: New York Harvester Wheatsheaf 1990
Edição:1. ed.
Tags: Adicionar Tag
Sem tags, seja o primeiro a adicionar uma tag!

MARC

LEADER 00000nam a2200000 4500
001 c028981
005 20221215114153.3
041 0 |a eng 
044 |a US 
245 1 0 |a Milton Friedman  |b Economics in Theory and Practice  |c Abraham Hirsch, Neil de Marchi 
250 |a 1. ed. 
264 1 |a New York  |b Harvester Wheatsheaf  |c 1990 
300 |a 325 s. 
100 1 |a Hirsch, Abraham 
700 1 |a Marchi, Neil de